000 00619nam a22002051i 4500
001 21768
090 _a21768
010 _a9789727112593
100 _a20170304u u u0frey50 ba
101 0 _apor
200 1 _fOsho
_aMeditação
_ea primeira e última liberdade
215 _a311, [1] p.
_d23 cm
300 _aOferta de Jorge Araújo
702 1 _aAntunes
_bFernando Dias
_4730
700 1 _aOsho
_4070
_f1931-1990
210 _cPergaminho
_d2005
225 2 _aPalavras de Osho
410 0 _tPalavras de Osho
996 _f0031598
_kOSH
_m00000000
_n00000000
_aBMVA
_b1
_vViana do Alentejo
_xPsicologia
_y25
_eLivro
_10
_31
990 _cLIVROS